00474nam a2200157 a 4500001000400000003000900004008004100013040002800054082001600082245003900098260004400137300001400181490001600195500008000211650002500291909CO-ViMGA141112s2004 ck r 000 u spa d aCO-ViMGAbspacCO-ViMGA04aBr 863 C83510aCuentos brasileños del siglo XIX aSantafé de Bogotá : bNorma, c1992 a217, 77 p aCara y cruz aEncuadernado con A propósito de los cuentos brasileños del siglo XIX. 14aCUENTOS BRASILEÑOS